<?xml version="1.0" encoding="UTF-8"?>
<collection xmlns:xsi="http://www.w3.org/2001/XMLSchema-instance" xsi:schemaLocation="http://www.loc.gov/MARC21/slim http://www.loc.gov/standards/marcxml/schema/MARC21slim.xsd" xmlns="http://www.loc.gov/MARC21/slim">
 <record>
  <leader>00000caa a22000004a 4500</leader>
  <controlfield tag="001">UP-8027390931312556329</controlfield>
  <controlfield tag="003">Buklod</controlfield>
  <controlfield tag="005">20210722095036.0</controlfield>
  <controlfield tag="006">o--- |     ||   ||</controlfield>
  <controlfield tag="007">ta</controlfield>
  <controlfield tag="008">210722s        xx     d     r    |||| u|</controlfield>
  <datafield tag="035" ind1=" " ind2=" ">
   <subfield code="a">(iLib)UPCEB-00012117283</subfield>
  </datafield>
  <datafield tag="040" ind1=" " ind2=" ">
   <subfield code="a">emz</subfield>
  </datafield>
  <datafield tag="245" ind1="0" ind2="0">
   <subfield code="a">Incorporation of Rice Residues Through Tillage Enhances Soil Organic Matter Accumulation in Rice Land.</subfield>
  </datafield>
  <datafield tag="300" ind1=" " ind2=" ">
   <subfield code="a">pp. 1039-1048</subfield>
  </datafield>
  <datafield tag="520" ind1=" " ind2=" ">
   <subfield code="a">Soil organic matter (SOM) is a critical determinant of the fertility status and productivity of soil, yet SOM status in rice land is degrading. This study was conducted through integrated in situ experimentation (collembola, bacteria, fungi, moisture, temperature, N, P, K) and modeling to determine how to enhance SOM in rice land. An approach to increase SOM by incorporation of rice residues (straw and stubble) through tillage was done. While previous SOM assessment only looked into fine particles (&lt; 0.05 mm, Fn), this study includes both fine and coarse (0.05?2 mm, Lf) SOM fractions. Incorporation of rice residues by tillage increased Lf by 27% (P &lt; 0.001 at 0.05α) while it decreased Fn by 7% (P = .006 at 0.05α). Long-term projection of SOM status generated using system dynamics (SD) modeling showed higher accruals of Lf in the tilled soil due to the physical fragmentation of rice residues. The accumulation of Fn in non-tilled soil was attributed to the synergistic effect of collembola, bacteria, and fungi on the further decomposition of available Lf. Incorporation of 15 T ha?1 yr?1 of rice residues showed accrual of SOM at a rate of 0.03% yr?1. SOM state was observed to decline at ?0.003% yr?1 when rice residue incorporation was reduced to 10 T ha?1 yr?1 with a rate of ?0.003% yr?1, and ?0.04% yr?1 when the residues were further cut down to 5 T ha?1 yr?1. Continuous practice of rice residue incorporation at 20 T ha?1 yr?1 showed tenable SOM accrual and projected to contain &gt; 4.0% within 25 yr. Contrary to previous work, this study showed that incorporating rice residues through tillage enhanced the Lf fraction and, consequently, increased the total SOM.</subfield>
  </datafield>
  <datafield tag="650" ind1="1" ind2="7">
   <subfield code="a">Science</subfield>
   <subfield code="x">Peridoicals.</subfield>
  </datafield>
  <datafield tag="650" ind1="1" ind2="7">
   <subfield code="a">Mechanistic modeling cum field experimentation.</subfield>
  </datafield>
  <datafield tag="650" ind1="1" ind2="7">
   <subfield code="a">Rice field.</subfield>
  </datafield>
  <datafield tag="653" ind1=" " ind2=" ">
   <subfield code="a">Rice residues.</subfield>
  </datafield>
  <datafield tag="653" ind1=" " ind2=" ">
   <subfield code="a">Soil organic matter.</subfield>
  </datafield>
  <datafield tag="700" ind1="1" ind2=" ">
   <subfield code="a">Fiegalan, F. T.</subfield>
  </datafield>
  <datafield tag="773" ind1="0" ind2=" ">
   <subfield code="a">Philippine Journal of Science.</subfield>
   <subfield code="g">vol. 149, 4.  (Dec 2020).</subfield>
  </datafield>
  <datafield tag="942" ind1=" " ind2=" ">
   <subfield code="a">Analytics</subfield>
  </datafield>
 </record>
</collection>
